Making a large irrigation scheme work : (Record no. 528230)
[ view plain ]
| 000 -LEADER | |
|---|---|
| fixed length control field | 01252cam a22003374a 4500 |
| 001 - CONTROL NUMBER | |
| control field | 13726194 |
| 003 - CONTROL NUMBER IDENTIFIER | |
| control field | NUST |
| 005 - DATE AND TIME OF LATEST TRANSACTION | |
| control field | 20190904080000.0 |
| 008 - FIXED-LENGTH DATA ELEMENTS--GENERAL INFORMATION | |
| fixed length control field | 040921s2005 dcuab b 001 0 eng |
| 010 ## - LIBRARY OF CONGRESS CONTROL NUMBER | |
| LC control number | 2004053638 |
| 020 ## - INTERNATIONAL STANDARD BOOK NUMBER | |
| International Standard Book Number | 0821359428 |
| 038 ## - RECORD CONTENT LICENSOR | |
| Staff Name | M.Sohail |
| 040 ## - CATALOGING SOURCE | |
| Original cataloging agency | DLC |
| Transcribing agency | DLC |
| Modifying agency | DLC |
| 042 ## - AUTHENTICATION CODE | |
| Authentication code | pcc |
| 043 ## - GEOGRAPHIC AREA CODE | |
| Geographic area code | f-ml--- |
| 050 00 - LIBRARY OF CONGRESS CALL NUMBER | |
| Classification number | HD1741.M33 |
| Item number | A94 2005 |
| 082 00 - DEWEY DECIMAL CLASSIFICATION NUMBER | |
| Classification number | 333.913096623 |
| Edition number | 22 |
| Author Mark | DJI |
| 100 1# - MAIN ENTRY--PERSONAL NAME | |
| Personal name | Aw, Djibril, |
| Dates associated with a name | 1935- |
| 9 (RLIN) | 19866 |
| 245 10 - TITLE STATEMENT | |
| Title | Making a large irrigation scheme work : |
| Remainder of title | a case study from Mali / |
| Statement of responsibility, etc. | Djibril Aw and Geert Diemer. |
| 260 ## - PUBLICATION, DISTRIBUTION, ETC. | |
| Place of publication, distribution, etc. | Washington, D.C. : |
| Name of publisher, distributor, etc. | World Bank, |
| Date of publication, distribution, etc. | c2004. |
| 300 ## - PHYSICAL DESCRIPTION | |
| Extent | xx, 156 p. : |
| Other physical details | ill., map ; |
| Dimensions | 23 cm. |
| 490 1# - SERIES STATEMENT | |
| Series statement | Directions in development |
| 504 ## - BIBLIOGRAPHY, ETC. NOTE | |
| Bibliography, etc. note | Includes bibliographical references (p. 144-148) and index. |
| 650 #0 - SUBJECT ADDED ENTRY--TOPICAL TERM | |
| Topical term or geographic name entry element | Irrigation |
| Geographic subdivision | Mali. |
| 9 (RLIN) | 19867 |
| 650 #0 - SUBJECT ADDED ENTRY--TOPICAL TERM | |
| Topical term or geographic name entry element | Water resources development |
| Geographic subdivision | Mali. |
| 9 (RLIN) | 19868 |
| 700 1# - ADDED ENTRY--PERSONAL NAME | |
| Personal name | Diemer, Geert. |
| 9 (RLIN) | 19869 |
| 830 #0 - SERIES ADDED ENTRY--UNIFORM TITLE | |
| Uniform title | Directions in development (Washington, D.C.) |
| 9 (RLIN) | 19870 |
| 906 ## - LOCAL DATA ELEMENT F, LDF (RLIN) | |
| a | 7 |
| b | cbc |
| c | orignew |
| d | 1 |
| e | ocip |
| f | 20 |
| g | y-gencatlg |
| 942 ## - ADDED ENTRY ELEMENTS (KOHA) | |
| Source of classification or shelving scheme | |
| Koha item type | Book |
| Withdrawn status | Lost status | Source of classification or shelving scheme | Damaged status | Not for loan | Permanent Location | Current Location | Date acquired | Total Checkouts | Full call number | Barcode | Date last seen | Price effective from | Koha item type |
|---|---|---|---|---|---|---|---|---|---|---|---|---|---|
| School of Civil and Environmental Engineering (SCEE) | School of Civil and Environmental Engineering (SCEE) | 09/04/2019 | 333.913096623 DJI | NIT-10283 | 09/04/2019 | 09/04/2019 | Book |
